00598nam a2200181Ia 4500003000400000005001700004008004100021020001800062040000700080041000800087082002200095100002000117245014900137260003600286300003500322365003800357650002100395OSt20230508094933.0210423s2013 xx 000 0 und d a9788126517558 cAL aeng a531.14 223bWEIG aSteven Weinberg aGravitation and cosmology: principles and applications of the general theory.b: Principles and applications of the general theory of relativity aNew DelhibWiley and Sonsc2013 axxviii,657p.bPBc22.8X15.5cm. bGeneralcINR2₹559.00a₹d₹ 2PhysicsaPhysics